[Event "SUI-chT"]
[Site "Switzerland"]
[Date "2023.05.14"]
[Round "4.7"]
[White "Froeschl, Stefan"]
[Black "Sivanandan, Kirushanth"]
[Result "1-0"]
[WhiteElo "2068"]
[BlackElo "1874"]
[PlyCount "45"]
[EventDate "2023.04.16"]
[EventType "team-tourn"]
[EventRounds "9"]
[EventCountry "SUI"]
[SourceTitle "EXT 2024"]
[Source "ChessBase"]
[SourceDate "2023.10.10"]
[SourceVersion "1"]
[SourceVersionDate "2023.10.10"]
[SourceQuality "1"]
[WhiteTeam "Nyon"]
[BlackTeam "Trubschachen"]
[WhiteTeamCountry "SUI"]
[BlackTeamCountry "SUI"]

1. d4 d5 2. Nf3 Nf6 3. c4 c6 4. e3 g6 5. Nbd2 Bg7 6. Be2 0-0 7. b3 Nbd7 8. Bb2 Re8 9. 0-0 a6 10. Ne5 Nxe5 11. dxe5 Nd7 12. f4 b5 13. Nf3 dxc4 14. bxc4 Nb6 15. cxb5 cxb5 16. Bd4 Be6 17. Ng5 Bc4 18. Bxc4 Nxc4 19. Qg4 h6 20. Nxf7 Qd5 21. Nxh6+ Kh7 22. f5 Nxe5 23. Bxe5 1-0

[Event "SUI-chT"]
[Site "Switzerland"]
[Date "2023.04.30"]
[Round "2.8"]
[White "Friedrich, Norbert"]
[Black "Sivanandan, Kirushanth"]
[Result "1/2-1/2"]
[WhiteElo "2215"]
[BlackElo "1874"]
[PlyCount "71"]
[EventDate "2023.04.16"]
[EventType "team-tourn"]
[EventRounds "9"]
[EventCountry "SUI"]
[SourceTitle "EXT 2024"]
[Source "ChessBase"]
[SourceDate "2023.10.10"]
[SourceVersion "1"]
[SourceVersionDate "2023.10.10"]
[SourceQuality "1"]
[WhiteTeam "Zuerich"]
[BlackTeam "Trubschachen"]
[WhiteTeamCountry "SUI"]
[BlackTeamCountry "SUI"]

1. e4 c5 2. Nf3 Nc6 3. d4 cxd4 4. Nxd4 d6 5. c4 g6 6. Nc3 Bg7 7. Be3 Nf6 8. Be2 e6 9. Ndb5 0-0 10. Qxd6 a6 11. Qxd8 Rxd8 12. Bb6 axb5 13. cxb5 Nd7 14. Bc7 Be5 15. bxc6 Bxc7 16. cxd7 Bxd7 17. 0-0 Be5 18. Rfd1 Bc6 19. Rxd8+ Rxd8 20. Rd1 Rxd1+ 21. Bxd1 Bxc3 22. bxc3 Bxe4 23. f3 Bc6 24. Kf2 e5 25. Bb3 Kg7 26. g3 f5 27. f4 e4 28. Ke3 Kf6 29. h4 Bd7 30. Bd5 b6 31. a3 Be6 32. Bc6 Ke7 33. Kd4 Kd6 34. Bb5 Bd7 35. Bc4 Be6 36. Bb5 1/2-1/2